Segredo de família (Record no. 2024)

MARC details
000 -Etiqueta do registo
Valores 00727nam a2200253 4500
010 ## - Número ISBN
ISBN 9789720729804
021 ## - Número do Depósito Legal
Código do país Portugal
Número 534060/243
100 ## - Dados gerais de processamento
Dados gerais 20251217d2025 d||y0pory50030103ba
101 ## - Língua de publicação
Língua Português
102 ## - País de publicação
País Portugal
200 ## - Titulo e menção de responsabilidade
Título próprio Segredo de família
Informação de outro título voando sobre o ninho da família Pardal
Primeira menção de responsabilidade Álvaro Magalhães
Outras menções de responsabilidade il. David Pintor
205 ## - Menção da edição
Edição 1ª edição
210 ## - Publicação
Local de publicação Porto
Nome do editor Porto Editora
Data de publicação 2025
215 ## - Descrição física 
Paginação / Volumes 223, [1] p.
Outras indicações físicas il.
Dimensões 21 cm
225 ## - Colecção 
Título próprio da colecção Passagem secreta
300 ## - Notas gerais 
Texto da nota BMB-Registado
606 ## - Nome comum usado como assunto
ID Autoridade 815
Palavra de ordem Literatura Juvenil
675 ## - CDU
Notação 087.5
Edição BMB
Língua por
700 ## - Autor principal (pessoa individual)
Apelido Magalhães
Nome Álvaro
Datas 1951-
ID Autoridade 878
702 ## - Autor secundário (pessoa individual)
Apelido Pintor
Nome David
Datas 1975-
Função Ilustrador
ID Autoridade 2897
801 ## - Fonte de origem
País PT
Agência BMB
Regras de catalogação RPC
990 ## - Elementos KOHA
Tipo de documento Livro
Holdings
Situação do levantamento Estado Número Biblioteca de origem Código de barras Cota Permissão de empréstimo Tipo de documento Forma de aquisição
    1 Biblioteca Municipal de Borba 1974 087.5 MAG / SEG   Livro Compra
Biblioteca Municipal de Borba

Powered by Koha